| 000 | 01116nam a2200217 a 4500 | ||
|---|---|---|---|
| 001 | 30349 | ||
| 005 | 20180713233539.0 | ||
| 008 | 140415s2005 mx 000 0 spa d | ||
| 020 | _a0072828099 | ||
| 041 | _aspa | ||
| 082 |
_a658.1 _bBRI |
||
| 100 | 1 | _aBICKEY, JAMES | |
| 245 | 1 | 0 | _aECONOMIA EMPRESARIAL Y ARQUITECTURA |
| 250 | _a3ª EDICIÓN | ||
| 260 |
_aMEXICO : _bMC GRAW HILL, _c2005 |
||
| 300 |
_a821 _c20 x 3 x 27 |
||
| 520 | _aESTE TEXTO ESTÁ CENTRADO EN LOS TEMAS MÁS RELEVANTES Y NECESARIOS PARA LOS FUTUROS DIRECTORES EMPRESARIALES, DE AHÍ QUE SE RELACIONEN LOS TEMAS MICROECONÓMICOS TRADICIONALES (DEMANDA, OFERTA, PRECIO Y TEORÍA DE JUEGOS) Y LOS TEMAS DE DIRECCIÓN EMPRESARIAL (TOMA DE DECISIONES, AUTORIDAD, CENTRALIZACIÓN VS DESCENTRALIZACIÓN, EVALUACIÓN Y RECOMPENSA, SUBCONTRATACIÓN Y TRANSFERENCIA DE PRECIOS), ESTOS SON LOS TEMAS DE MÁS VALOR PARA LOS FUTUROS DIRECTORES. EL LIBRO ANALIZA LOS PROBLEMAS OR | ||
| 650 | 1 | 4 | _aORGANIZACION ADMINISTRACION |
| 700 | 1 |
_aRabasco, María Esther, _etr. |
|
| 740 | _aMANAGERIAL ECONOMICS AND ORGANIZATIONAL ARCHITECTURE | ||
| 999 |
_c30349 _d30349 |
||